[Event "Linares 26th"]
[Site "Linares"]
[Date "2009.02.25"]
[Round "6"]
[White "Carlsen, Magnus"]
[Black "Anand, Viswanathan"]
[Result "1-0"]
[WhiteElo "2776"]
[BlackElo "2791"]
[PlyCount "153"]
[EventDate "2009.02.19"]
[EventType "tourn"]
[EventRounds "14"]
[EventCountry "ESP"]
[EventCategory "21"]
[WhiteTeam "Egypt"]
[BlackTeam "Norway"]
[WhiteTeamCountry "EGY"]
[BlackTeamCountry "NOR"]

1. d4 d5 2. c4 c6 3. Nc3 Nf6 4. e3 e6 5. Nf3 Nbd7 6. Qc2 Bd6 7. g4 Nxg4 8. Rg1
Qf6 9. Rxg4 Qxf3 10. Rxg7 Nf6 11. h3 Qf5 12. Qxf5 exf5 13. cxd5 cxd5 14. Nb5
Bb4+ 15. Bd2 Bxd2+ 16. Kxd2 Ke7 17. Bd3 Be6 18. Nc7 Rag8 19. Nxe6 Kxe6 20. Rxg8
Nxg8 21. Ke2 Ne7 22. Kf3 Rc8 23. a4 Rc7 24. a5 h6 25. h4 Kf6 26. h5 Nc8 27. Kf4
Nd6 28. Rg1 Rc8 29. f3 Ke6 30. Rg7 Rh8 31. Bc2 Rc8 32. Bb3 Rh8 33. Rg1 Rc8 34.
Rg7 Rh8 35. Rg2 Rc8 36. Rg1 Ne8 37. e4 fxe4 38. fxe4 Nf6 39. e5 Ne4 40. Ke3 b6
41. axb6 axb6 42. Kd3 Nf2+ 43. Ke2 Ne4 44. Ke3 f6 45. Rg6 Rc1 46. Rxh6 Rh1 47.
Bc2 Rh3+ 48. Kf4 Rh4+ 49. Kf3 Nd2+ 50. Ke2 Rh2+ 51. Kd1 Nc4 52. Rxf6+ Ke7 53.
Bg6 Rd2+ 54. Kc1 Rxd4 55. b3 Nxe5 56. Rxb6 Rh4 57. Bf5 Nf3 58. h6 Nd4 59. h7
Nxf5 60. Rb8 Nd4 61. Kb2 Kd6 62. h8=Q Rxh8 63. Rxh8 Kc5 64. Rh5 Nc6 65. Rh4 Nb4
66. Ka3 d4 67. Rh5+ Nd5 68. Kb2 Kc6 69. Ka3 Kc5 70. Rh4 Nb4 71. Rh8 Nc6 72.
Rh5+ Kd6 73. b4 d3 74. Rh3 Ne5 75. Kb3 d2 76. Kc2 Nc6 77. Rh4 1-0

[Event "Linares 26th"]
[Site "Linares"]
[Date "2009.02.24"]
[Round "5"]
[White "Grischuk, Alexander"]
[Black "Carlsen, Magnus"]
[Result "1/2-1/2"]
[WhiteElo "2733"]
[BlackElo "2776"]
[PlyCount "67"]
[EventDate "2009.02.19"]
[EventType "tourn"]
[EventRounds "14"]
[EventCountry "ESP"]
[EventCategory "21"]
[WhiteTeam "Egypt"]
[BlackTeam "Norway"]
[WhiteTeamCountry "EGY"]
[BlackTeamCountry "NOR"]

1. e4 c5 2. Nf3 Nc6 3. d4 cxd4 4. Nxd4 Nf6 5. Nc3 e5 6. Ndb5 d6 7. Bg5 a6 8.
Na3 b5 9. Nd5 Be7 10. Bxf6 Bxf6 11. c3 Bg5 12. Nc2 Ne7 13. h4 Bh6 14. a4 bxa4
15. Ncb4 O-O 16. Qxa4 Nxd5 17. Nxd5 a5 18. Bb5 Be6 19. Bc6 Rb8 20. b4 Bxd5 21.
Bxd5 axb4 22. cxb4 Qb6 23. O-O Qxb4 24. Qd7 Kh8 25. Ra4 Qb5 26. Qxb5 Rxb5 27.
Bxf7 Bd2 28. Rfa1 Bc3 29. Ra8 Rbb8 30. Rxb8 Rxb8 31. Ra6 g6 32. Rxd6 Bd4 33. h5
gxh5 34. Bxh5 1/2-1/2

[Event "Dresden ol (Men) 38th"]
[Site "Dresden"]
[Date "2008.11.23"]
[Round "10"]
[White "Rowson, Jonathan"]
[Black "Carlsen, Magnus"]
[Result "0-1"]
[WhiteElo "2596"]
[BlackElo "2786"]
[PlyCount "96"]
[EventDate "2008.11.13"]
[EventType "team"]
[EventRounds "11"]
[EventCountry "GER"]
[WhiteTeam "Scotland"]
[BlackTeam "Norway"]
[WhiteTeamCountry "SCO"]
[BlackTeamCountry "NOR"]

1. d4 d5 2. c4 c6 3. Nf3 e6 4. e3 Bd6 5. b3 f5 6. Be2 Nf6 7. O-O Qe7 8. Bb2 b6
9. Qc1 Bb7 10. Ba3 Nbd7 11. Qb2 c5 12. Nc3 a6 13. Rfd1 O-O 14. cxd5 exd5 15. g3
Rac8 16. Rac1 Kh8 17. Qb1 Ne4 18. dxc5 Nxc3 19. Rxc3 bxc5 20. Bf1 Nf6 21. Bg2
Ne4 22. Rc2 a5 23. Bb2 Rf7 24. Ba1 Re8 25. Qc1 h6 26. Ne1 Kh7 27. Nd3 Rc8 28.
Nf4 Bxf4 29. exf4 Qf8 30. Qa3 d4 31. Qxa5 Rd7 32. Qb5 Qd6 33. Qd3 Ba6 34. Qf3
d3 35. Rcc1 d2 36. Rc2 Qg6 37. Bf1 Bb7 38. Qe3 Re8 39. Be5 Rxe5 40. fxe5 f4 41.
Qe2 Ng5 42. Rc3 Qc6 43. f3 Nxf3+ 44. Kf2 Ng5 45. e6 Ne4+ 46. Qxe4+ Qxe4 47.
exd7 Qd4+ 48. Ke2 Ba6+ 0-1

[Event "Dresden ol (Men) 38th"]
[Site "Dresden"]
[Date "2008.11.22"]
[Round "9"]
[White "Carlsen, Magnus"]
[Black "Beliavsky, Alexander G"]
[Result "1/2-1/2"]
[WhiteElo "2786"]
[BlackElo "2619"]
[PlyCount "161"]
[EventDate "2008.11.13"]
[EventType "team"]
[EventRounds "11"]
[EventCountry "GER"]
[WhiteTeam "Norway"]
[BlackTeam "Slovenia"]
[WhiteTeamCountry "NOR"]
[BlackTeamCountry "SLO"]

1. e4 e5 2. Nf3 Nc6 3. Bb5 a6 4. Ba4 Nf6 5. O-O Be7 6. d3 d6 7. c3 O-O 8. Re1
Bg4 9. h3 Bh5 10. Nbd2 Nd7 11. Nf1 Nc5 12. Bxc6 bxc6 13. g4 Bg6 14. Ng3 Ne6 15.
Kg2 c5 16. Rh1 f6 17. h4 d5 18. c4 dxe4 19. dxe4 Qxd1 20. Rxd1 Rfd8 21. Be3 Nd4
22. Rd2 Bf7 23. Rc1 Rab8 24. Ne1 a5 25. Nd3 Be6 26. f3 a4 27. Nf5 Bf8 28. Bf2
Nc6 29. Rcc2 Bf7 30. Ne3 Nd4 31. Rc1 Ne6 32. Rcd1 Rd4 33. Kh2 Rbd8 34. Nd5 Rxc4
35. b3 axb3 36. axb3 Rd4 37. Bxd4 Nxd4 38. Kg2 Nxb3 39. Rb2 c6 40. Ne3 c4 41.
Nf2 Nd4 42. Rb7 c3 43. Rd3 c2 44. Nxc2 c5 45. Rd2 Ra8 46. Ne3 c4 47. Nfd1 Ne6
48. Rdb2 h5 49. Rb8 Ra3 50. Rc8 hxg4 51. fxg4 Kh7 52. Rb7 Bg6 53. Rxc4 Nc5 54.
Rbb4 Ra2+ 55. Kg3 Rd2 56. h5 Bf7 57. Rc2 Rd4 58. Rxd4 exd4 59. Nf5 d3 60. Rb2
Nxe4+ 61. Kf4 Nc5 62. Nf2 g6 63. hxg6+ Kxg6 64. Ke3 Be6 65. Nh4+ Kg5 66. Nf3+
Kg6 67. Rb6 Kf7 68. Rc6 Bd7 69. Rc7 Ke8 70. Nd4 Bh6+ 71. Kf3 Ne6 72. Nxe6 Bxe6
73. Nxd3 f5 74. gxf5 Bxf5 75. Ne5 Bf8 76. Ra7 Bd6 77. Nc4 Bh2 78. Ne3 Bd7 79.
Ke4 Bg1 80. Ra8+ Kf7 81. Ra7 1/2-1/2

[Event "Dresden ol (Men) 38th"]
[Site "Dresden"]
[Date "2008.11.13"]
[Round "1"]
[White "Carlsen, Magnus"]
[Black "Ragger, Markus"]
[Result "1-0"]
[WhiteElo "2786"]
[BlackElo "2518"]
[PlyCount "131"]
[EventDate "2008.11.13"]
[EventType "team"]
[EventRounds "11"]
[EventCountry "GER"]
[WhiteTeam "Norway"]
[BlackTeam "Austria"]
[WhiteTeamCountry "NOR"]
[BlackTeamCountry "AUT"]

1. e4 e5 2. Nf3 Nc6 3. Bb5 a6 4. Ba4 Nf6 5. O-O Be7 6. Re1 b5 7. Bb3 d6 8. c3
O-O 9. h3 Nb8 10. d4 Nbd7 11. Nbd2 Bb7 12. Bc2 Re8 13. a4 Bf8 14. Bd3 c6 15. b3
Qc7 16. Bb2 g6 17. Qc2 Bg7 18. Bf1 Rac8 19. Rad1 bxa4 20. bxa4 d5 21. dxe5 Nxe4
22. Nxe4 dxe4 23. Ng5 Rxe5 24. Bc1 Re7 25. Rxe4 Ne5 26. f4 h6 27. fxe5 hxg5 28.
e6 f5 29. Ree1 Bf6 30. Bc4 Kg7 31. Qd3 Qa5 32. h4 gxh4 33. Qe3 g5 34. Rd7 Rce8
35. Rxe7+ Rxe7 36. Ba3 f4 37. Qd3 c5 38. Re2 f3 39. gxf3 Qc7 40. Qe3 h3 41. f4
Qxf4 42. Qxf4 gxf4 43. Bxc5 Re8 44. Bd4 Bc6 45. Kh2 Kg6 46. Bxa6 Bxa4 47. Bd3+
Kg5 48. Ra2 Bxd4 49. cxd4 Bb3 50. Ra5+ Kf6 51. Rf5+ Ke7 52. d5 Kd6 53. Be4 Re7
54. Bf3 Ra7 55. Kxh3 Rg7 56. Rxf4 Ba2 57. Kh4 Bb3 58. Rb4 Ba2 59. Rg4 Rxg4+ 60.
Kxg4 Bb1 61. Kf4 Bh7 62. Bg2 Bg6 63. Kg5 Be8 64. Kf6 Bh5 65. Be4 Be8 66. Bf3
1-0

[Event "Cap d'Agde CCAS Trophee KO"]
[Site "Cap d'Agde"]
[Date "2008.10.31"]
[Round "2.2"]
[White "Ivanchuk, Vassily"]
[Black "Carlsen, Magnus"]
[Result "1/2-1/2"]
[WhiteElo "2786"]
[BlackElo "2786"]
[PlyCount "77"]
[EventDate "2008.10.29"]
[EventType "k.o. (rapid)"]
[EventRounds "3"]
[EventCountry "FRA"]
[WhiteTeam "Israel"]
[BlackTeam "Armenia"]
[WhiteTeamCountry "ISR"]
[BlackTeamCountry "ARM"]

1. Nf3 Nf6 2. c4 e6 3. g3 d5 4. Bg2 Be7 5. O-O O-O 6. b3 c5 7. Bb2 Nc6 8. e3 b6
9. Nc3 Bb7 10. cxd5 Nxd5 11. Nxd5 Qxd5 12. d4 Rad8 13. Ne5 Qd6 14. Rc1 Nxe5 15.
Bxb7 Qb8 16. Be4 cxd4 17. Bxd4 Bf6 18. Qc2 h6 19. Bb2 Rc8 20. Qe2 Rxc1 21. Rxc1
Rc8 22. Rc2 Rxc2 23. Qxc2 Qd8 24. h4 g5 25. hxg5 hxg5 26. Kg2 Kg7 27. Qe2 Nd7
28. Ba3 Nc5 29. Bf3 Nd3 30. Qd1 a5 31. Qh1 Bc3 32. Qd1 Bf6 33. Kf1 Nb4 34. Qe2
Qc7 35. Bxb4 axb4 36. Kg2 Qd6 37. Be4 Qe5 38. Qc2 Qb2 39. Qxb2 1/2-1/2

[Event "Cap d'Agde CCAS Trophee KO"]
[Site "Cap d'Agde"]
[Date "2008.10.31"]
[Round "2.3"]
[White "Ivanchuk, Vassily"]
[Black "Carlsen, Magnus"]
[Result "1-0"]
[WhiteElo "2786"]
[BlackElo "2786"]
[PlyCount "85"]
[EventDate "2008.10.29"]
[EventType "k.o. (rapid)"]
[EventRounds "3"]
[EventCountry "FRA"]
[WhiteTeam "Israel"]
[BlackTeam "Armenia"]
[WhiteTeamCountry "ISR"]
[BlackTeamCountry "ARM"]

1. Nf3 Nf6 2. c4 e6 3. Nc3 c5 4. g3 b6 5. Bg2 Bb7 6. O-O Be7 7. d4 cxd4 8. Qxd4
d6 9. b3 a6 10. Ba3 O-O 11. Rfd1 Ne8 12. Ne4 Bxe4 13. Qxe4 Ra7 14. Rac1 Rc7 15.
Nd4 Qc8 16. Qe3 Nd7 17. Nf5 Nc5 18. Nxe7+ Rxe7 19. Rd2 a5 20. Rcd1 Qc7 21. Bb2
Rd7 22. h4 e5 23. Qf3 Re7 24. Qc6 Qb8 25. e3 h6 26. f4 f5 27. fxe5 dxe5 28. Rd8
Qc7 29. Bd5+ Kh7 30. Qxc7 Rxc7 31. Bxe5 Re7 32. Bd4 g5 33. hxg5 hxg5 34. Kg2
Kg6 35. Rh1 Ne6 36. Bxe6 Rxe6 37. Rb8 f4 38. gxf4 gxf4 39. Rxb6 Rxb6 40. Bxb6
a4 41. Rf1 axb3 42. axb3 Nd6 43. Bc5 1-0

[Event "Cap d'Agde CCAS Trophee KO"]
[Site "Cap d'Agde"]
[Date "2008.10.31"]
[Round "2.1"]
[White "Carlsen, Magnus"]
[Black "Ivanchuk, Vassily"]
[Result "1/2-1/2"]
[WhiteElo "2786"]
[BlackElo "2786"]
[PlyCount "115"]
[EventDate "2008.10.29"]
[EventType "k.o. (rapid)"]
[EventRounds "3"]
[EventCountry "FRA"]
[WhiteTeam "Israel"]
[BlackTeam "Armenia"]
[WhiteTeamCountry "ISR"]
[BlackTeamCountry "ARM"]

1. Nf3 Nf6 2. c4 e6 3. d4 d5 4. Nc3 Nbd7 5. Bf4 dxc4 6. e3 a6 7. a4 Bd6 8. Bg3
b6 9. Bxc4 Bb7 10. Bh4 O-O 11. O-O Qb8 12. d5 exd5 13. Nxd5 Nxd5 14. Bxd5 Ne5
15. Rc1 Bxd5 16. Qxd5 c6 17. Qe4 Nxf3+ 18. Qxf3 Bxh2+ 19. Kh1 Be5 20. Rxc6 b5
21. axb5 Qxb5 22. Rd1 Qxb2 23. Qd5 Qe2 24. f4 Qh5 25. g3 Rae8 26. fxe5 Rxe5 27.
Qd6 Rfe8 28. Rf1 g5 29. Qf6 gxh4 30. gxh4 Re4 31. Rg1+ Rg4 32. Rcc1 Rg6 33. e4
a5 34. Rcf1 Rf8 35. Rg2 Rxg2 36. Kxg2 Qg6+ 37. Qxg6+ fxg6 38. Ra1 Ra8 39. Ra4
Kf7 40. Kf3 Ke6 41. Kf4 h6 42. Ke3 Ke5 43. Kf3 Kd6 44. Ke3 Kc5 45. Kd3 Kb5 46.
Rd4 a4 47. Kc2 a3 48. Kb1 Ra4 49. Rd6 Rxe4 50. Rxg6 Rxh4 51. Ka2 Rh3 52. Rf6 h5
53. Rf4 Kc5 54. Ra4 Kb5 55. Rf4 Re3 56. Rf5+ Kb4 57. Rxh5 Re2+ 58. Ka1 1/2-1/2

[Event "Cap d'Agde CCAS Trophee KO"]
[Site "Cap d'Agde"]
[Date "2008.10.30"]
[Round "1.2"]
[White "Carlsen, Magnus"]
[Black "Bu Xiangzhi"]
[Result "1-0"]
[WhiteElo "2786"]
[BlackElo "2714"]
[PlyCount "109"]
[EventDate "2008.10.29"]
[EventType "k.o. (rapid)"]
[EventRounds "3"]
[EventCountry "FRA"]
[WhiteTeam "Israel"]
[BlackTeam "Armenia"]
[WhiteTeamCountry "ISR"]
[BlackTeamCountry "ARM"]

1. d4 d5 2. c4 c6 3. Nf3 Nf6 4. Nc3 dxc4 5. a4 Bf5 6. e3 e6 7. Bxc4 Bb4 8. O-O
O-O 9. Qe2 Nbd7 10. e4 Bg6 11. Bd3 Bh5 12. e5 Nd5 13. Nxd5 cxd5 14. Qe3 Be7 15.
Ng5 Bxg5 16. Qxg5 Bg6 17. Be2 Nb8 18. Qxd8 Rxd8 19. a5 Nc6 20. Be3 a6 21. Rfc1
Rac8 22. h4 Nb4 23. Rc3 h6 24. h5 Be4 25. Rac1 Rc6 26. f3 Bh7 27. Rb3 Rxc1+ 28.
Bxc1 Nc6 29. Rxb7 Nxa5 30. Rb6 Rc8 31. Bd2 Nc4 32. Bxc4 dxc4 33. Rxa6 Rb8 34.
Bc3 Bd3 35. Kf2 Rb7 36. g4 Kh7 37. Ke3 g6 38. d5 exd5 39. Ra8 Re7 40. Kf4 gxh5
41. gxh5 Re6 42. Rd8 Bc2 43. Rxd5 Ba4 44. Rc5 Ra6 45. Rc7 Be8 46. Kg4 Rc6 47.
Ra7 Rc8 48. f4 Kg8 49. f5 Rd8 50. e6 Rc8 51. f6 Rb8 52. e7 Kh7 53. Kf4 Rc8 54.
Ra1 Bb5 55. Rg1 1-0

[Event "Cap d'Agde CCAS Gp-B"]
[Site "Cap d'Agde"]
[Date "2008.10.28"]
[Round "5"]
[White "Karpov, Anatoly"]
[Black "Carlsen, Magnus"]
[Result "1/2-1/2"]
[WhiteElo "2651"]
[BlackElo "2786"]
[PlyCount "48"]
[EventDate "2008.10.26"]
[EventType "tourn (rapid)"]
[EventRounds "7"]
[EventCountry "FRA"]
[EventCategory "16"]
[WhiteTeam "Israel"]
[BlackTeam "Armenia"]
[WhiteTeamCountry "ISR"]
[BlackTeamCountry "ARM"]

1. d4 Nf6 2. c4 e6 3. Nc3 Bb4 4. Qc2 d5 5. a3 Bxc3+ 6. Qxc3 Ne4 7. Qc2 c5 8.
dxc5 Nc6 9. e3 Qa5+ 10. Bd2 Nxd2 11. Qxd2 dxc4 12. Qxa5 Nxa5 13. Rc1 b5 14.
cxb6 Bb7 15. bxa7 Ke7 16. Ne2 Rxa7 17. Nc3 Rb8 18. Na2 Bd5 19. Nb4 Nc6 20.
Nxc6+ Bxc6 21. Rxc4 Ba4 22. Rb4 Rxb4 23. axb4 Bb5 24. f3 Ra1+ 1/2-1/2

[Event "EU-Cup 24th"]
[Site "Kallithea"]
[Date "2008.10.19"]
[Round "3"]
[White "Carlsen, Magnus"]
[Black "Movsesian, Sergei"]
[Result "0-1"]
[WhiteElo "2786"]
[BlackElo "2732"]
[PlyCount "152"]
[EventDate "2008.10.17"]
[EventType "swiss"]
[EventRounds "7"]
[EventCountry "GRE"]
[WhiteTeam "Erevan MIKA"]
[BlackTeam "Sarajevo Bosna"]
[WhiteTeamCountry "ARM"]
[BlackTeamCountry "BIH"]

1. d4 d5 2. c4 c6 3. Nf3 Nf6 4. Nc3 a6 5. a4 e6 6. Bf4 c5 7. e3 Nc6 8. Be2 dxc4
9. Bxc4 cxd4 10. exd4 Be7 11. O-O O-O 12. Re1 Nb4 13. Ne5 Bd7 14. d5 exd5 15.
Nxd5 Nbxd5 16. Bxd5 Bg4 17. Nxg4 Nxd5 18. Nh6+ Kh8 19. Nf5 Nxf4 20. Rxe7 g6 21.
Qxd8 Raxd8 22. Ne3 b5 23. axb5 axb5 24. Rb7 Rb8 25. Rd7 Kg7 26. g3 Ne6 27. Raa7
h5 28. h4 Rbd8 29. Rdb7 Nd4 30. Kg2 Rb8 31. Nd5 Nc6 32. Rxb8 Rxb8 33. Rc7 Nd4
34. Rd7 Ne6 35. Nc3 Nc5 36. Rd5 Na4 37. Nd1 Kf6 38. Kf3 Ke6 39. Ke4 f5+ 40. Kd4
Rc8 41. Re5+ Kf6 42. Ne3 b4 43. Nd5+ Kf7 44. Re7+ Kf8 45. Rb7 Nxb2 46. Rxb4 Nd1
47. f3 Rd8 48. Ke5 Nf2 49. Rb3 Kg7 50. Nf4 Re8+ 51. Kd4 Re7 52. Rb6 Rd7+ 53.
Kc4 Kh7 54. Ne6 Kh6 55. Nf8 Rg7 56. Kd4 Nh1 57. Ke5 Nxg3 58. Ne6 Rg8 59. Kf6 f4
60. Ng5 Nf5 61. Nf7+ Kh7 62. Ng5+ Kh6 63. Rb7 Rf8+ 64. Nf7+ Kh7 65. Kg5 Ng7 66.
Nd6 Rd8 67. Ne4 Rd5+ 68. Kf6 Rf5+ 69. Ke7 Ra5 70. Kf7 Nf5 71. Nf6+ Kh6 72. Ng8+
Kh7 73. Nf6+ Kh6 74. Ng8+ Kh7 75. Kf8+ Kh8 76. Nf6 Ra8+ 0-1

[Event "World Cup"]
[Site "Khanty Mansiysk"]
[Date "2007.12.04"]
[Round "4.2"]
[White "Adams, Michael"]
[Black "Carlsen, Magnus"]
[Result "1/2-1/2"]
[WhiteElo "2729"]
[BlackElo "2714"]
[PlyCount "165"]
[EventDate "2007.11.24"]
[EventType "k.o."]
[EventRounds "7"]
[EventCountry "RUS"]
[WhiteTeam "Norway"]
[BlackTeam "Yemen"]
[WhiteTeamCountry "NOR"]
[BlackTeamCountry "YEM"]

1. e4 e5 2. Nf3 Nc6 3. Bb5 a6 4. Ba4 Nf6 5. O-O Be7 6. Re1 b5 7. Bb3 d6 8. c3
O-O 9. h3 Na5 10. Bc2 d5 11. exd5 e4 12. Bxe4 Nxe4 13. Rxe4 Bb7 14. d4 Re8 15.
Bf4 Nc4 16. Re2 Bxd5 17. Ne5 Bg5 18. Bg3 Nxe5 19. Rxe5 Rxe5 20. Bxe5 Qd7 21.
Na3 f6 22. Bg3 Qc6 23. f4 Bh6 24. Qd2 g6 25. Nc2 Bf8 26. f5 Re8 27. fxg6 hxg6
28. Rc1 Re4 29. b3 Qe6 30. Re1 c6 31. Kh2 a5 32. Qd3 f5 33. Be5 a4 34. Qg3 Rxe1
35. Nxe1 Be4 36. Nf3 Bxf3 37. Qxf3 axb3 38. axb3 Be7 39. Kg1 Kf7 40. Kf2 Ke8
41. Qe2 Kf7 42. c4 bxc4 43. bxc4 Bh4+ 44. Kf1 Be7 45. Ke1 Bb4+ 46. Kd1 Be7 47.
Kd2 Bb4+ 48. Kd3 Be7 49. Qe3 Ke8 50. Qh6 Kd7 51. Qh8 Bd8 52. Qg7+ Be7 53. Kc3
Ke8 54. Qh8+ Kd7 55. Qb8 Bd8 56. Kb3 Be7 57. Qb6 Ke8 58. Qb8+ Kf7 59. Kc3 Qd7
60. Qh8 Qe6 61. h4 Bf8 62. g3 Be7 63. c5 Bf8 64. Kb4 Be7 65. h5 gxh5 66. Qxh5+
Kf8 67. Qh8+ Kf7 68. Qh1 Ke8 69. Qf3 Kd7 70. Qd3 Bf8 71. Kc3 Be7 72. Qb1 Ke8
73. Qb7 Bd8 74. Kb4 Be7 75. Qa8+ Kd7 76. Qa7+ Ke8 77. Qa6 Kd7 78. Qa8 Bxc5+ 79.
dxc5 Qxe5 80. Qb7+ Qc7 81. Qxc7+ Kxc7 82. Kc4 Kd7 83. Kd3 1/2-1/2

[Event "World Cup"]
[Site "Khanty Mansiysk"]
[Date "2007.11.30"]
[Round "3.1"]
[White "Dominguez Perez, Leinier"]
[Black "Carlsen, Magnus"]
[Result "1/2-1/2"]
[WhiteElo "2683"]
[BlackElo "2714"]
[PlyCount "89"]
[EventDate "2007.11.24"]
[EventType "k.o."]
[EventRounds "7"]
[EventCountry "RUS"]
[WhiteTeam "Norway"]
[BlackTeam "Yemen"]
[WhiteTeamCountry "NOR"]
[BlackTeamCountry "YEM"]

1. e4 e5 2. Nf3 Nc6 3. Bb5 a6 4. Ba4 Nf6 5. O-O Be7 6. Re1 b5 7. Bb3 d6 8. c3
O-O 9. h3 Na5 10. Bc2 d5 11. d4 dxe4 12. Nxe5 c5 13. Bg5 Bb7 14. Nd2 cxd4 15.
cxd4 Re8 16. Nb3 Nxb3 17. Bxb3 Nd5 18. Bxe7 Rxe7 19. Rc1 Nf4 20. Qg4 Ng6 21.
Qf5 Nxe5 22. dxe5 Qf8 23. Rc5 Rd8 24. Rec1 Qe8 25. Rc7 h6 26. R1c5 Rxc7 27.
Rxc7 Bd5 28. Bxd5 Rxd5 29. Rc8 Rd8 30. Rc7 Rd1+ 31. Kh2 Rd5 32. Rc8 Rd8 33.
Rxd8 Qxd8 34. Qxe4 Qd2 35. Qa8+ Kh7 36. Qe4+ Kg8 37. f4 Qxb2 38. e6 fxe6 39.
Qxe6+ Kh7 40. Qe4+ Kh8 41. Qa8+ Kh7 42. Qxa6 Qd4 43. Qxb5 Qxf4+ 44. Kg1 Qd4+
45. Kh2 1/2-1/2

[Event "World Cup"]
[Site "Khanty Mansiysk"]
[Date "2007.11.28"]
[Round "2.2"]
[White "Naiditsch, Arkadij"]
[Black "Carlsen, Magnus"]
[Result "1/2-1/2"]
[WhiteElo "2639"]
[BlackElo "2714"]
[PlyCount "41"]
[EventDate "2007.11.24"]
[EventType "k.o."]
[EventRounds "7"]
[EventCountry "RUS"]
[WhiteTeam "Norway"]
[BlackTeam "Yemen"]
[WhiteTeamCountry "NOR"]
[BlackTeamCountry "YEM"]

1. e4 e5 2. Nf3 Nc6 3. d4 exd4 4. Nxd4 Bc5 5. Be3 Qf6 6. c3 Nge7 7. Bc4 Ne5 8.
Be2 Qg6 9. O-O d6 10. Kh1 O-O 11. Nd2 d5 12. Bh5 Qd6 13. f4 Bxd4 14. cxd4 N5c6
15. f5 f6 16. Qg4 Kh8 17. Rf3 dxe4 18. Nxe4 Qd5 19. Raf1 Nxf5 20. Rxf5 Qxa2 21.
Bg6 1/2-1/2

[Event "World Cup blindfold"]
[Site "Bilbao"]
[Date "2007.10.17"]
[Round "3"]
[White "Carlsen, Magnus"]
[Black "Bu Xiangzhi"]
[Result "0-1"]
[WhiteElo "2714"]
[BlackElo "2692"]
[PlyCount "136"]
[EventDate "2007.10.16"]
[EventType "tourn (rapid)"]
[EventRounds "10"]
[EventCountry "ESP"]
[EventCategory "19"]
[WhiteTeam "Germany"]
[BlackTeam "France"]
[WhiteTeamCountry "GER"]
[BlackTeamCountry "FRA"]

1. e4 c5 2. Nf3 d6 3. d4 cxd4 4. Nxd4 Nf6 5. Nc3 a6 6. Be3 e5 7. Nb3 Be7 8. f3
Be6 9. Qd2 O-O 10. O-O-O Nbd7 11. g4 b5 12. Rg1 b4 13. Na4 Qc7 14. Qxb4 Rfc8
15. Qd2 a5 16. g5 Nh5 17. Kb1 Rcb8 18. Nc1 Rb4 19. Nc3 Rab8 20. b3 Nb6 21. Ka1
d5 22. exd5 Nxd5 23. Nxd5 Bxd5 24. Be2 a4 25. Qxd5 Rd8 26. Qxd8+ Bxd8 27. Nd3
Rb8 28. Nc5 Be7 29. Rd7 Qa5 30. Ne4 axb3 31. cxb3 Ra8 32. Rd2 Bb4 33. Rc2 Nf4
34. Bc4 Nd5 35. Bxd5 Qxd5 36. Rgc1 h5 37. g6 fxg6 38. Ng5 Kf8 39. Bc5+ Bxc5 40.
Rxc5 Qd2 41. Rc8+ Rxc8 42. Rxc8+ Ke7 43. Rc7+ Ke8 44. Ne4 Qd1+ 45. Kb2 Qxf3 46.
Rc4 Qe2+ 47. Kc3 Qxa2 48. h4 Kd7 49. Ra4 Qe2 50. Rc4 Qe1+ 51. Kc2 Ke7 52. Ng5
Qf2+ 53. Kc3 Kd8 54. Re4 Kd7 55. Rc4 Qg3+ 56. Kc2 Qh2+ 57. Kc3 Kd6 58. b4 Qg3+
59. Kc2 Qf2+ 60. Kc3 Qe1+ 61. Kc2 Qa1 62. Kb3 Qd1+ 63. Kc3 Qb1 64. Nf7+ Kd5 65.
Rc5+ Ke6 66. Ng5+ Kd7 67. Rc4 Qf1 68. Ne4 Qf3+ 0-1

[Event "World Cup blindfold"]
[Site "Bilbao"]
[Date "2007.10.17"]
[Round "4"]
[White "Bu Xiangzhi"]
[Black "Carlsen, Magnus"]
[Result "1/2-1/2"]
[WhiteElo "2692"]
[BlackElo "2714"]
[PlyCount "95"]
[EventDate "2007.10.16"]
[EventType "tourn (rapid)"]
[EventRounds "10"]
[EventCountry "ESP"]
[EventCategory "19"]
[WhiteTeam "Germany"]
[BlackTeam "France"]
[WhiteTeamCountry "GER"]
[BlackTeamCountry "FRA"]

1. Nf3 Nf6 2. c4 c6 3. d4 d5 4. e3 Bf5 5. Bd3 Bxd3 6. Qxd3 e6 7. O-O Nbd7 8.
Nbd2 Be7 9. e4 dxe4 10. Nxe4 O-O 11. Bf4 Nxe4 12. Qxe4 Qa5 13. Rfd1 Rad8 14. h3
Rfe8 15. Qc2 Nf6 16. a3 Qh5 17. Ne5 Nd7 18. Nf3 Nf8 19. Bg3 Ng6 20. Rd3 Rd7 21.
Rad1 Red8 22. Qe2 Bf6 23. Qe4 h6 24. b4 a6 25. Bh2 Qf5 26. Qxf5 exf5 27. Kf1 f4
28. g3 fxg3 29. fxg3 b5 30. Rc1 Nf8 31. cxb5 cxb5 32. Rc6 Ne6 33. Bg1 Rd6 34.
Rxd6 Rxd6 35. Ke2 Nc7 36. Rc3 Ne6 37. Kd3 Bd8 38. Rc8 f6 39. Ke4 Nc7 40. g4 Rd7
41. Bh2 Nd5 42. Ra8 Kf7 43. Rxa6 Bb6 44. Ra8 Nc3+ 45. Kd3 Nd5 46. Ke4 Nc3+ 47.
Kd3 Nd5 48. Ke4 1/2-1/2

[Event "EU-Cup 23rd"]
[Site "Kemer"]
[Date "2007.10.06"]
[Round "4"]
[White "Carlsen, Magnus"]
[Black "Almasi, Zoltan"]
[Result "1-0"]
[WhiteElo "2714"]
[BlackElo "2691"]
[PlyCount "163"]
[EventDate "2007.10.03"]
[EventType "team"]
[EventRounds "7"]
[EventCountry "TUR"]
[WhiteTeam "Baden-Baden"]
[BlackTeam "Sarajevo Bosna"]
[WhiteTeamCountry "GER"]
[BlackTeamCountry "BIH"]

1. d4 Nf6 2. c4 e6 3. Nc3 Bb4 4. Qc2 O-O 5. a3 Bxc3+ 6. Qxc3 b6 7. Nf3 Bb7 8.
e3 d6 9. Be2 Nbd7 10. O-O c5 11. b4 a5 12. Bb2 Qe7 13. Rfd1 Rfc8 14. dxc5 dxc5
15. b5 Rd8 16. Rd3 Be4 17. Rd2 Ne8 18. Rad1 f6 19. h3 Nf8 20. Nh2 Nd6 21. Nf1
Bb7 22. Ng3 Ne4 23. Nxe4 Bxe4 24. Bg4 Kf7 25. h4 Ke8 26. Bh5+ Ng6 27. f3 Bb7
28. Qc2 Kf7 29. Rd3 Qc7 30. Bc3 e5 31. Kf2 e4 32. fxe4 Ke7 33. Bxg6 hxg6 34. e5
fxe5 35. Rxd8 Rxd8 36. Rxd8 Qxd8 37. Qxg6 Qf8+ 38. Kg3 Qf6 39. Qh5 Kd6 40. Qe8
Be4 41. Qb8+ Kd7 42. Qxe5 Qxe5+ 43. Bxe5 g6 44. Bf6 a4 45. Be5 Bd3 46. Kf4 Bxc4
47. Kg5 Ke6 48. Bc7 Kf7 49. Bxb6 Bxb5 50. Bxc5 Bf1 51. g4 Bd3 52. Kf4 Ke6 53.
e4 Be2 54. Bd4 Bd1 55. Bh8 Be2 56. Kg5 Kf7 57. h5 gxh5 58. gxh5 Bf3 59. e5 Ke6
60. Bf6 Be4 61. Kf4 Bc2 62. h6 Kd5 63. Ke3 Bg6 64. Kd2 Ke6 65. Kc3 Kd7 66. Kb4
Bc2 67. Kb5 Ke6 68. Kc6 Bg6 69. Kc7 Bf5 70. Kd8 Kf7 71. Bg7 Bg6 72. Kd7 Bf5+
73. Kd6 Bg4 74. Bf6 Bf5 75. Bg5 Bg4 76. Bf4 Bf5 77. e6+ Bxe6 78. h7 Kg7 79.
Kxe6 Kxh7 80. Kd5 Kg6 81. Kc6 Kf5 82. Kb5 1-0

[Event "Arctic Chess Challenge"]
[Site "Tromsoe"]
[Date "2007.08.12"]
[Round "9"]
[White "Carlsen, Magnus"]
[Black "Epishin, Vladimir"]
[Result "1-0"]
[WhiteElo "2710"]
[BlackElo "2587"]
[PlyCount "83"]
[EventDate "2007.08.04"]
[EventType "swiss"]
[EventRounds "9"]
[EventCountry "NOR"]
[WhiteTeam "Germany"]
[BlackTeam "Germany"]
[WhiteTeamCountry "GER"]
[BlackTeamCountry "GER"]

1. d4 Nf6 2. c4 e6 3. Nf3 b6 4. g3 Bb4+ 5. Bd2 c5 6. Bxb4 cxb4 7. Bg2 Bb7 8.
O-O O-O 9. Qd3 Qc7 10. Nbd2 d6 11. e4 Nbd7 12. Ne1 a5 13. Nc2 e5 14. Ne3 exd4
15. Qxd4 Rae8 16. f3 Re5 17. Rfd1 Nc5 18. Ndf1 Ne8 19. Rac1 g6 20. Ng4 Ne6 21.
Qd2 Rc5 22. Nfe3 h5 23. Nf2 Qe7 24. a3 bxa3 25. bxa3 h4 26. Rb1 hxg3 27. hxg3
Rg5 28. Nf1 Qc7 29. f4 Rh5 30. Bf3 Rh7 31. Qb2 Nc5 32. Qxb6 f5 33. Qxc7 Rxc7
34. Nd2 Ng7 35. Rb6 g5 36. exf5 Bxf3 37. Nxf3 Nxf5 38. g4 Ne3 39. Rdxd6 Rxf4
40. Nxg5 Rxc4 41. Rg6+ Kf8 42. Rb8+ 1-0